000 00919nam a2200265 i 4500
001 128911
003 ES-MaACL
005 20231113191619.0
007 t|
008 070530s1971 sp |||| | spa d
080 _a821.133.1-2"19"(082.2)
245 0 0 _aTeatro Dadá
_b: Aragon, Artaud, Bretón, Picabia, Ribemont-Dessaignes, Soupault, Vitrac, Tzara /
_cGian Renzo Morteo, Ippolito Simonis ; [traducción de José Escué].
250 _a1ª ed.
260 _a[Barcelona] :
_bBarral,
_c1971.
300 _a404 p., 3 h. ;
_c20 cm.
490 1 _aBreve biblioteca de respuesta ;
_v8
650 4 _aTeatro francés-
_yS.XX.
_917362
650 4 _aDadaísmo.
_911531
700 1 _aSimonis, Ippolito.
_9106579
700 1 _aMorteo, Gian Renzo.
_983716
700 1 _aEscué, Josep.
_947715
830 0 _aBreve biblioteca de respuesta
_v8
_9183536
852 _aES-MaACL
_jC-39857
999 _c128911
_d128911